Slovenská mena od svojho vzniku po dnešok

Pokračovanie príspevku o histórii slovenskej meny. Významné udalosti, makroekonomický a menový vývoj Slovenskej republiky v rokoch 2001 až 2004.

Salvato in:
Dettagli Bibliografici
Autore principale: Pilch, Ctibor, 1957-
Natura: Capitolo di libro
Lingua:slovacco
Soggetti:
Tags: Aggiungi Tag
Nessun Tag, puoi essere il primo ad aggiungerne!!

MARC

LEADER 00000nla$a2200000$$$4500
001 0034965
005 20240502071446.4
041 0 |a slo 
044 |a SK 
245 1 0 |a Slovenská mena od svojho vzniku po dnešok  |c Ctibor Pilch 
520 |a Pokračovanie príspevku o histórii slovenskej meny. Významné udalosti, makroekonomický a menový vývoj Slovenskej republiky v rokoch 2001 až 2004. 
610 2 0 |a mena 
610 2 0 |a Slovensko 
610 2 0 |a koruna 
610 2 0 |a vývoj menový 
610 2 0 |a dejiny 
610 2 0 |a inflácia 
610 2 0 |a banky 
610 2 0 |a politika menová 
610 2 0 |a harmonizácia 
100 1 |a Pilch, Ctibor, 1957-